000 00592nam a2200229Ia 4500
003 OSt
005 20220918200634.0
006 a|||||r|||| 00| 0
007 ta
008 220917b |||||||| |||| 00| 0 eng d
024 _a89,696
037 _cTextual
040 _aARTS
_cARTS
_beng
041 _2eng
_aeng
082 _aU8:2MH:N1, E5 (UD)
100 _aCasserly Gordon
_995013
245 0 _aLife in an Indian oupost
260 _c1915
650 _aTRAVEL; GEOGRAPHY
_97186
942 _hU8:2MH:N1, E5 (UD)
_cTEXL
_2CC
999 _c213365
_d213365